| 000 | 00325nam a2200121Ia 4500 | ||
|---|---|---|---|
| 008 | 210430s9999 xx 000 0 und d | ||
| 082 | _a355.00943 R7881G | ||
| 100 |
_aHerbert Rosinski _954557 |
||
| 245 | 4 |
_aThe German Army / _cHerbert Rosinski |
|
| 260 |
_aLondon _bPall Mall Press _c1966 |
||
| 300 | _a322 | ||
| 942 |
_cBK _2ddc |
||
| 999 |
_c565177 _d565177 |
||